| 000 | 00821nam a22002177a 4500 | ||
|---|---|---|---|
| 999 |
_c15423 _d15423 |
||
| 003 | AR-CdUCM | ||
| 008 | 190427b ||||| |||| 00| 0 spa d | ||
| 020 | _a978-612-45633-3-1 | ||
| 040 |
_aMUNICIPALIDAD PROVINCIAL DEL CUSCO _cBIBLIOTECA MUNICIPAL DEL CUSCO |
||
| 082 |
_aEP / 398 / _bC28 |
||
| 110 |
_aComité de damas del congreso de la república _934488 |
||
| 245 |
_akenkitsarentsipaye potsotaantsi ashi pero = Cuentos pintados del Perú : _bkenkitsarentsi kirinkasatipaye / Relatos amazónicos / |
||
| 260 |
_aLima : _bFondo editorial del congreso de la república, _c2009. |
||
| 300 |
_a46 páginas ; _c29 cm : _bIlustraciones, |
||
| 440 |
_aAshaninka _n4 _934489 |
||
| 650 |
_aCuentos _9312 |
||
| 650 |
_aLeyendas _92226 |
||
| 650 |
_aTradición oral _92031 |
||
| 942 |
_2ddc _cLIBROS |
||
| 945 |
_arah _d27/04/2019 |
||